000 00527nam a2200169 i 4500
001 93859
003 ES-MaACL
005 20240427063118.0
007 t|
008 050421s1944 sp ||||1| spa d
100 1 _aPantorba, Bernardino de,
_d1896-1990
_988829
245 1 0 _aIgnacio Zuloaga
_b: ensayo biográfico y crítico /
_cBernardino de Pantorba.
260 _aMadrid :
_bAntonio Carmona,
_c1944.
300 _a195 p., 65 lám. ;
_c23 cm.
852 _aES-MaACL
_jF-1821
_bR.21725
999 _c93859
_d93859